Výživa a kolorektálny karcinóm
Salvato in:
| Autore principale: | |
|---|---|
| Natura: | Libro |
| Lingua: | slovacco |
| Pubblicazione: |
Bratislava
STU FCHPT
2009
|
| Accesso online: | Visualizza in OPAC |
| Tags: |
Nessun Tag, puoi essere il primo ad aggiungerne!!
|
MARC
| LEADER | 00000nam a2200000 a 4500 | ||
|---|---|---|---|
| 005 | 20260127133947.0 | ||
| 008 | 091020 2009 xo 000 0 slo d | ||
| 035 | |a vtls009961637 | ||
| 039 | 9 | |y 200910201029 |z mschk03 | |
| 040 | |a STUSCHK1 |b slo |c STUSCHK1 |e AACR2 | ||
| 100 | 1 | |a Berciková, Anežka | |
| 245 | 1 | |a Výživa a kolorektálny karcinóm |c Anežka Berciková | |
| 260 | |a Bratislava |b STU FCHPT |c 2009 | ||
| 300 | |a 32 s. |b il. |c 30 cm | ||
| 500 | |a Študijný program: potravinárstvo | ||
| 500 | |a Študijný odbor: 5.2.24 potravinárstvo | ||
| 500 | |a Fakulta chemickej a potravinárskej technológie, Odd. výživy a hodnotenia potravín | ||
| 500 | |a Bakalárska práca | ||
| 500 | |a Obháj.: 26.8. 2009 | ||
| 910 | |a SCHK95 | ||
| 999 | |c 947 |d 947 | ||